01647 am a2200289 a 450000500170000000800410001702000150005804100080007310000350008124501200011625000110023626000500024730000110029750001900030865300260049865300300052465300440055465300400059865300310063865301280066965302000079765300990099765301120109665300720120865300470128070000300132720240701132015.0100831s1988||||ag d f |||| 001 0 spa d a9509901989 aspa1 aÁlvarez Chavez, Victor Hugo. aMedicina legal del trabajo.bDoctrina. Legislación. Jurisprudencia sistematizada / cVictor Hugo Álvarez Chavez a1a ed. aBuenos Aires: bEdiciones Jurídicas;c1988. a551 p. aÁlvarez Chavez, V. H. y Solis Cabrera, R. W. (1988). Medicina legal del trabajo. Doctrina. Legislación. Jurisprudencia sistematizada. (1a ed.). Buenos Aires : Ediciones Jurídicas. aInfortunios laborales aIncapacidades laborativas aEnfermedades producidas por el esfuerzo aTrauma y enfermedades profesionales aEnfermedades profesionales aSaturnismo. Hidrargirismo. Oftalmia amoniacal. Enfisema pulmonar. Arsenicismo. Hidrocarburismo. Fosforismo. Sulfucarburismo aEnfermedades de "Caissons". Inspección carbonosa o antrax. Dematosis. Anquilostomiasis o urcinariasis. Brucelosis. Transtornos patológicos debidos al radio, rayos X y substancias radioactivas aEpiteliomas primitivos de la piel por: alquitran, brea, betun, aceites minerales o compuestos  aBronquitis. Cronismo. Peste bubonica, Anilismo. Paludismo. Hernia. Tifus exantematico. Nefritis. Reumatismo aIndemnización de los infortunios del trabajo en la jurisprudencia aFallos plenarios de interes médico legal1 aSolis Cabrera, Ricardo W.